000 00565nam a2200193Ia 4500
005 20250508151924.0
008 008 250505s9999 xx 000 0 eng d
037 _aTextual
040 _aFEDL
_beng
_cFEDL
041 _aeng
_2eng
084 _a372.35982, BRI
_qFEDL
100 _aBrimble L J F
_9154217
245 0 _aReference book to useful animals of the world
260 _aLondon, UK
_bMacmillan and Co Limited
_c1956
300 _a288p.
700 _a Edwards E M
_9760372
942 _cTEXL
_h372.35982, BRI
999 _c1332983
_d1332983